La Cueva de Doña Trinidad, en Ardales / por Simeón Giménez Reyna
Descripción Física:
p. 435-447 : il. ; 27 cm
Colección:
Monografías ; 13
MARC
| LEADER | 00000nam a2200000Ia 4500 | ||
|---|---|---|---|
| 001 | 7790 | ||
| 008 | 160829s1964 xx 000 0 cat d | ||
| 080 | |a FU-21-6 | ||
| 100 | |a Giménez Reyna, Simeón |9 32163 | ||
| 245 | |a La Cueva de Doña Trinidad, en Ardales / por Simeón Giménez Reyna | ||
| 260 | |a Barcelona : |b Diputación. Instituto de Prehistoria y Arqueología, |c 1964 | ||
| 300 | |a p. 435-447 : |b il. ; |c 27 cm | ||
| 490 | |a Monografías ; 13 | ||
| 590 | |a Separata de: Miscelánea en Homenaje al Abate Henri Breuil | ||
| 650 | |a Doña Trinidad, Cueva de (Ardales, Màlaga) |9 32164 | ||
| 650 | |a Pintura rupestre |x Ardales (Màlaga) |9 32165 | ||
| 650 | |a Ardales (Màlaga) |x Arqueologia I |9 32166 | ||
| 650 | |a Art prehistòric |x Ardales (Màlaga) |9 32167 | ||
| 710 | 2 | |a Instituto de Prehistoria y Arqueología (Barcelona, Catalunya) |9 54255 | |
| 901 | |a Arxiu | ||
| 942 | |n 1 |2 udc | ||
| 952 | |0 0 |1 0 |4 0 |6 FU216 |7 1 |9 45891 |a Arxiu |b Arxiu |d 2016-12-01 |l 0 |o FU-21-6 |p 7790 |r 2016-12-01 00:00:00 |w 2016-12-01 |y ARXIU | ||
| 999 | |c 49392 |d 49392 | ||